| 000 | 00634nam a2200217Ia 4500 | ||
|---|---|---|---|
| 003 | IN-BaIIA | ||
| 008 | 211028s9999 xx 000 0 eng d | ||
| 020 | _a0-12-51408-9 | ||
| 040 | _cIIA Library | ||
| 080 |
_a515.12 _bNAS |
||
| 100 |
_aNash, C. _927736 |
||
| 245 | 0 |
_aTopology and geometry for physicists _cC. Nash and S. Sen |
|
| 260 |
_aLondon _bAcademic Press _c1983 |
||
| 300 | _ax, 311p. | ||
| 650 |
_aCohomology _927737 |
||
| 650 | _aDifferential geometry | ||
| 650 |
_aHomology group _927738 |
||
| 650 |
_aMorse theory _927739 |
||
| 700 |
_aSen, S. _927740 |
||
| 942 | _cBK | ||
| 999 |
_c15151 _d15151 |
||